|
|
|
|
| LEADER |
03225nam a2200541 4500 |
| 001 |
978-3-319-94319-0 |
| 003 |
DE-He213 |
| 005 |
20191027061431.0 |
| 007 |
cr nn 008mamaa |
| 008 |
180821s2018 gw | s |||| 0|eng d |
| 020 |
|
|
|a 9783319943190
|9 978-3-319-94319-0
|
| 024 |
7 |
|
|a 10.1007/978-3-319-94319-0
|2 doi
|
| 040 |
|
|
|d GrThAP
|
| 050 |
|
4 |
|a P87-96
|
| 072 |
|
7 |
|a JFD
|2 bicssc
|
| 072 |
|
7 |
|a SOC052000
|2 bisacsh
|
| 072 |
|
7 |
|a JBCT
|2 thema
|
| 082 |
0 |
4 |
|a 302.23
|2 23
|
| 100 |
1 |
|
|a Reid, Alan J.
|e author.
|4 aut
|4 http://id.loc.gov/vocabulary/relators/aut
|
| 245 |
1 |
4 |
|a The Smartphone Paradox
|h [electronic resource] :
|b Our Ruinous Dependency in the Device Age /
|c by Alan J. Reid.
|
| 250 |
|
|
|a 1st ed. 2018.
|
| 264 |
|
1 |
|a Cham :
|b Springer International Publishing :
|b Imprint: Palgrave Macmillan,
|c 2018.
|
| 300 |
|
|
|a VII, 262 p. 7 illus., 3 illus. in color.
|b online resource.
|
| 336 |
|
|
|a text
|b txt
|2 rdacontent
|
| 337 |
|
|
|a computer
|b c
|2 rdamedia
|
| 338 |
|
|
|a online resource
|b cr
|2 rdacarrier
|
| 347 |
|
|
|a text file
|b PDF
|2 rda
|
| 505 |
0 |
|
|a 1. Introduction -- 2. A Brief History of the Smartphone -- 3. Habit-Making Devices -- 4. Use. Gratify. Repeat -- 5. Outsourcing Memory -- 6. Digital Socialites -- 7. Going Dark -- 8. Conclusion.
|
| 520 |
|
|
|a The Smartphone Paradox is a critical examination of our everyday mobile technologies and the effects that they have on our thoughts and behaviors. Alan J. Reid presents a comprehensive view of smartphones: the research behind the uses and gratifications of smartphones, the obstacles they present, the opportunities they afford, and how everyone can achieve a healthy, technological balance. It includes interviews with smartphone users from a variety of backgrounds, and translates scholarly research into a conversational tone, making it easy to understand a synthesis of key findings and conclusions from a heavily-researched domain. All in all, through the lens of smartphone dependency, the book makes the argument for digital mindfulness in a device age that threatens our privacy, sociability, attention, and cognitive abilities.
|
| 650 |
|
0 |
|a Communication.
|
| 650 |
|
0 |
|a Digital media.
|
| 650 |
|
0 |
|a Culture.
|
| 650 |
|
0 |
|a Technology.
|
| 650 |
|
0 |
|a Social media.
|
| 650 |
|
0 |
|a Technology in literature.
|
| 650 |
1 |
4 |
|a Media and Communication.
|0 http://scigraph.springernature.com/things/product-market-codes/412010
|
| 650 |
2 |
4 |
|a Digital/New Media.
|0 http://scigraph.springernature.com/things/product-market-codes/412040
|
| 650 |
2 |
4 |
|a Culture and Technology.
|0 http://scigraph.springernature.com/things/product-market-codes/411180
|
| 650 |
2 |
4 |
|a Social Media.
|0 http://scigraph.springernature.com/things/product-market-codes/412020
|
| 650 |
2 |
4 |
|a Literature and Technology/Media.
|0 http://scigraph.springernature.com/things/product-market-codes/827000
|
| 710 |
2 |
|
|a SpringerLink (Online service)
|
| 773 |
0 |
|
|t Springer eBooks
|
| 776 |
0 |
8 |
|i Printed edition:
|z 9783319943183
|
| 776 |
0 |
8 |
|i Printed edition:
|z 9783319943206
|
| 776 |
0 |
8 |
|i Printed edition:
|z 9783030068325
|
| 856 |
4 |
0 |
|u https://doi.org/10.1007/978-3-319-94319-0
|z Full Text via HEAL-Link
|
| 912 |
|
|
|a ZDB-2-LCM
|
| 950 |
|
|
|a Literature, Cultural and Media Studies (Springer-41173)
|